000 00765 a2200265 4500
502 _aThèse de Doctorat
260 _aWageningen
653 1 _aAgronomie
100 _aKLERK, Mariska
041 _bEn
260 _bUniversité de Wageningen
300 _a145 p.
245 _aHomocysteine and coronary heart disease : the role of polymorphic genes and hemostasis
650 _aHOMOCYTEINE
650 _aCORONARY HEART DISEASE
260 _c20 Décembre 2002
300 _bIll., Couv. ill. ; 24 cm
130 _lEn
040 _aSupport
041 _bEn
653 1 _aNutrition et Sciences Alimentaires
100 _uAbomey-Calavi, Université d'Abomey-Calavi, Faculté des Sciences Agronomiques, Bj
020 _a90-5808-773-5
999 _c32241
_d32241